Pouliční násilí v EU: skupiny mladistvých a násilí na veřejnosti ; Bezpečnost, demokracie a města: Manifest z Aubervilliers a Saint-Denis /

Korporativní autor: Aspena (firma)
Další autoři: Dorovský, Ilija
Jazyk: Čeština
Vydáno: Praha : Institut pro kriminologii a sociální prevenci, 2013
Vydání: Vyd. 1.
Edice: Prameny (Institut pro kriminologii a sociální prevenci)
Témata:
Fyzický popis: 111 s. ; 21 cm
Knihy
Uloženo v:
LEADER 02536nam a2200637 a 4500
001 nkc20142538852
003 CZ PrNK
005 20140324162405.0
007 ta
008 140109s2013 xr e 000 0 cze
015 |a cnb002538852 
020 |a 978-80-7338-138-7  |q (brož.) 
035 |a (OCoLC)876341308 
040 |a OLA001  |b cze 
041 1 |a cze  |h eng 
043 |a e------ 
072 7 |a 343.97  |x Kriminologie  |2 Konspekt  |9 18 
080 |a 343.9.02  |2 MRF 
080 |a 316.624  |2 MRF 
080 |a 343.85  |2 MRF 
080 |a (4)  |2 MRF 
080 |a (082)  |2 MRF 
080 |a (049.1)  |2 MRF 
245 0 0 |a Pouliční násilí v EU: skupiny mladistvých a násilí na veřejnosti ;  |b Bezpečnost, demokracie a města: Manifest z Aubervilliers a Saint-Denis /  |c [překlad Aspena, Ilija Dorovský] 
246 3 0 |a Skupiny mladistvých a násilí na veřejnosti 
246 1 4 |a Pouliční násilí v Evropské unii 
250 |a Vyd. 1. 
260 |a Praha :  |b Institut pro kriminologii a sociální prevenci,  |c 2013 
300 |a 111 s. ;  |c 21 cm 
490 1 |a Prameny 
500 |a Přeloženo z angličtiny 
500 |a 80 výt. 
504 |a Obsahuje bibliografie a bibliografické odkazy 
521 8 |a Určeno pro odbornou veřejnost 
650 0 7 |a pouliční gangy  |7 ph124435  |z země Evropské unie  |2 czenas 
650 0 7 |a násilí  |7 ph123444  |z země Evropské unie  |2 czenas 
650 0 7 |a prevence kriminality  |7 ph124596  |z země Evropské unie  |2 czenas 
650 0 9 |a street gangs  |z European Union countries  |2 eczenas 
650 0 9 |a violence  |z European Union countries  |2 eczenas 
650 0 9 |a crime prevention  |z European Union countries  |2 eczenas 
655 7 |a sborníky  |7 fd163935  |2 czenas 
655 7 |a manifesty  |7 fd180911  |2 czenas 
655 9 |a papers of several authors  |2 eczenas 
655 9 |a manifestos  |2 eczenas 
700 1 |a Dorovský, Ilija  |7 xx0110956  |4 trl 
710 2 |a Aspena (firma)  |7 kn20030915009 
740 0 2 |a Bezpečnost, demokracie a města: Manifest z Aubervilliers a Saint-Denis 
740 0 2 |a Manifest z Aubervilliers a Saint-Denis 
765 0 |t EU street violence: youth groups and violence in publics spaces  |9 Česky 
765 0 |t Security, democracy and cities: the Manifesto of Aubervilliers and Saint-Denis  |9 Česky 
830 0 |a Prameny (Institut pro kriminologii a sociální prevenci)  |0 s 
910 2 |a BOA001  |b 2-1322.722 
990 |a BK 
995 |a 01 
991 |b 201403  |c NOV  |e n 
996 6 |b 2610584194  |c 2-1322.722  |l MZK  |r Sklad / do 1 hodiny  |n 0  |p p.v.  |w 001406115  |u 000010  |a 1  |e BOA001  |j MZK50  |s P